000 00696nam a22002177a 4500
003 OSt
005 20230925102205.0
008 221006b |||||||| |||| 00| 0 eng d
040 _cLado V
082 _a779
_bB715r
100 _91098
_aBonilla, Oscar
_eautor
245 _aRastros sin Rostros/
260 _bLetraeƱe
_c2006
_aLa Habana, Cuba
300 _c20x17cm
_a10p.
366 _espa
650 _2Tesauro de Arte & Arquitectura
_aARTE
_9703
650 _2Tesauro de Arte & Arquitectura
_aCOLECCION
_9702
650 _2Tesauro de Arte & Arquitectura
_aFOTOGRAFIA
_9703
650 _2Tesauro de Arte & Arquitectura
_aFIGURAS HUMANAS
942 _2ddc
_c1
_h779
_iB715r
_n0
999 _c4389
_d4389